000 00517nam a2200097Ia 4500
008 170517s9999 xx 000 0 und d
245 _aAir Guitar Nation
300 _aIn this documentary from filmmaker Alexandra Lipsitz, the cameras roll to capture the fierce competitive spirit that defined the first annual U.S. Air Guitar Championship. Staged in Finland and featuring some of the fastest-fingered shredders on the planet, the U.S....
650 _xArt.
856 _uhttp://topdocumentaryfilms.com/air-guitar-nation/
999 _c333108
_d333108